सम्पूर्ण कहानियाँ -6 गदल/ (Record no. 200347)

MARC details
000 -LEADER
fixed length control field 01065nam a22002057a 4500
005 - DATE AND TIME OF LATEST TRANSACTION
control field 20240220110952.0
010 ## - LCCN (DPL NO)
LC control number B-757314-317
020 ## - INTERNATIONAL STANDARD BOOK NUMBER
International Standard Book Number 9788196202224
Terms of availability 395.00
035 ## - SYSTEM CONTROL NUMBER
System control number B-757314-317
037 ## - SOURCE OF ACQUISITION
Source of stock number/acquisition अनन्य प्रकशन
082 ## - DEWEY DECIMAL CLASSIFICATION NUMBER
Classification number
100 ## - MAIN ENTRY--PERSONAL NAME
Personal name राघव,रांगेय
245 ## - TITLE STATEMENT
Title सम्पूर्ण कहानियाँ -6 गदल/
Statement of responsibility, etc रांगेय राघव
250 ## - EDITION STATEMENT
Edition statement 2023
260 ## - PUBLICATION, DISTRIBUTION, ETC. (IMPRINT)
Place of publication, distribution, etc दिल्ली
Name of publisher, distributor, etc अनन्य प्रकाशन
Date of publication, distribution, etc 2023
270 ## - ADDRESS
Address ई-17, पंचशील गार्डन,नवीन शाहदरा दिल्ली
City दिल्ली
Postal code 110032
300 ## - PHYSICAL DESCRIPTION
Extent 168पृ.
Dimensions 23सेमी(सजिल्द)
942 ## - ADDED ENTRY ELEMENTS (KOHA)
Source of classification or shelving scheme Dewey Decimal Classification
Item type Hindi Books
Classification part
Call number suffix राघव
Holdings
Withdrawn status Lost status Not for loan Collection code Home library Current library Date acquired Source of acquisition Cost, normal purchase price Full call number Barcode Copy number Cost, replacement price Koha item type
      Fiction Central Library Central Library 20/02/2024 अनन्य प्रकाशन/AP-49/23-24/20.12.23/66/12.12.23/16.1.24 395.00 क राघव B-757314 1 395.00 Hindi Books
      Fiction Shahdara Branch Shahdara Branch 20/02/2024 अनन्य प्रकाशन/AP-49/23-24/20.12.23/66/12.12.23/16.1.24 395.00 क राघव B-757316 1 395.00 Hindi Books
      Fiction Tri Nagar Tri Nagar 20/02/2024 अनन्य प्रकाशन/AP-49/23-24/20.12.23/66/12.12.23/16.1.24 395.00 क राघव B-757315 1 395.00 Hindi Books
      Fiction Yojana Vihar Yojana Vihar 20/02/2024 अनन्य प्रकाशन/AP-49/23-24/20.12.23/66/12.12.23/16.1.24 395.00 क राघव B-757317 1 395.00 Hindi Books

© Delhi Public Library
Hit Counter
free hit counter